banner koha

Modelo para previsao de precos de carvao vegetal (Registro n. 112541)

MARC details
000 -LÍDER
campo de controle de tamanho fixo 00806nas a2200265 4500
001 - NÚMERO DE CONTROLE
campo de controle BR8303669
003 - IDENTIFICADOR DO NÚMERO DE CONTROLE
campo de controle BR-BrBNA
005 - DATA E HORÁRIO DA ÚLTIMA TRANSAÇÃO
campo de controle 20231205085618.0
007 - CAMPO FIXO DE DESCRIÇÃO FÍSICA--INFORMAÇÃO GERAL
campo de controle de tamanho fixo ta
008 - CAMPO DE DADOS FIXOS--INFORMAÇÃO GERAL
campo de controle de tamanho fixo 230509b bl.|||p| |||| 00| 00por d
040 ## - FONTE DA CATALOGAÇÃO
Instituição da catalogação original BR-BrBNA
Idioma da catalogação por
Instituição que transcreveu o registro Biblioteca Nacional de Agricultura
041 ## - CÓDIGO DE IDIOMA
Código do idioma do texto/trilha sonora ou título diferente (Pt)
072 ## - CÓDIGO DE CATEGORIA DE ASSUNTO
Código de Categoria de Assunto E70
100 1# - ENTRADA PRINCIPAL--NOME PESSOAL
Nome pessoal Brandt, S.A.
100 1# - ENTRADA PRINCIPAL--NOME PESSOAL
Nome pessoal Pereira, A.R.
100 1# - ENTRADA PRINCIPAL--NOME PESSOAL
Nome pessoal Teixeira, H.H.L.
111 1# - ENTRADA PRINCIPAL--NOME DO EVENTO
Nome do evento ou lugar 4. Congresso Florestal Brasileiro
Local do evento Belo Horizonte, MG (Brazil)
Data do evento ou assinatura do tratado 10-15 May 1982
245 1# - TÍTULO
Título Modelo para previsao de precos de carvao vegetal
650 ## - ASSUNTO--TERMO TÓPICO
Cabeçalho tópico ou nome geográfico CARVAO VEGETAL
650 ## - ASSUNTO--TERMO TÓPICO
Cabeçalho tópico ou nome geográfico CUSTO
650 ## - ASSUNTO--TERMO TÓPICO
Cabeçalho tópico ou nome geográfico PRECO
773 0# - ENTRADA ANALÍTICA
Título Silvicultura (Brazil)
ISSN - International Standard Serial Number ISSN 0100-3615
Partes relacionadas (Jan-Feb 1983), v. 8(28) p. 617-618
Número de controle do registro BR8303669
909 ## -
-- 202311
-- Lúcia
-- 55
-- Lúcia Elande
942 ## - ELEMENTOS DE ENTRADA ADICIONADOS (KOHA)
Fonte da classificação ou esquema de arquivamento na estante Classificação AGRIS
Ocultar no OPAC Não
Tipo de material Koha Analítica
Exemplares
Situação do descarte Fonte da classificação ou esquema de arquivamento na estante Situação física Não pode ser emprestado Biblioteca de origem Biblioteca atual Localização na estante Enumeração do periódico / cronologia Total de empréstimos Data de último acesso Número do exemplar Tipo de material Koha Fonte de aquisição
  Classificação AGRIS   Consulta local Biblioteca Nacional de Agricultura - Binagri Biblioteca Nacional de Agricultura - Binagri   (Jan-Feb 1983), v. 8(28) p. 617-618   29/11/2023 01 Periódicos Portaria Interministerial nº 164/94

BINAGRI

Telefone: (61)3218-2567/2388/3357/2097 - binagri@agro.gov.br

Ministério da Agricultura e Pecuária , Esplanada dos Ministérios, Bloco D, Anexo B, Brasília/DF, CEP: 70.043-900